Philosopher or F1 Driver? Quiz Stats

Quiz Updated Feb 6, 2018

Challenge
Share
Tweet
Embed
Score 0/40 Timer 04:00
8 Plays Today
Name P or F % Correct
Michael Schumacher???
87.6%
Fernando Alonso???
87.5%
Francis Bacon???
87.3%
Friedrich Nietzsche???
87.3%
Niki Lauda???
87.2%
Immanuel Kant???
87.2%
Jenson Button???
87.2%
Ayrton Senna???
87.1%
Lewis Hamilton???
86.9%
Sebastian Vettel???
86.9%
Noam Chomsky???
86.8%
Kimi Räikkönen???
86.6%
Thomas Aquinas???
86.6%
Damon Hill???
86.6%
Jackie Stewart???
86.6%
Mika Häkkinen???
86.4%
Thomas Hobbes???
86.4%
René Descartes???
85.9%
Albert Camus???
85.8%
Nigel Mansell???
85.7%
Name P or F % Correct
Keke Rosberg???
85.3%
Ludwig Wittgenstein???
84.9%
David Coulthard???
83.8%
Arthur Schopenhauer???
83.6%
John Locke???
83.5%
Jacques Villeneuve???
83%
Jean-Paul Sartre???
82.9%
Nelson Piquet???
82.4%
James Hunt???
82.4%
Jim Clark???
82.1%
Emerson Fittipaldi???
82%
Jean-Jacques Rousseau???
81.2%
Alain Prost???
80.1%
Michel Foucault???
79.9%
Martin Heidegger???
78.6%
John Dewey???
78.3%
Baruch Spinoza???
77.9%
William James???
77.2%
Jeremy Bentham???
73%
David Hume???
72.4%

You're not logged in!

Compare scores with friends on all Sporcle quizzes.
Join for Free
OR
Log In

You Might Also Like...

Show Comments

Extras

Top Quizzes Today


Score Distribution

Your Account Isn't Verified!

In order to create a playlist on Sporcle, you need to verify the email address you used during registration. Go to your Sporcle Settings to finish the process.

Report this User

Report this user for behavior that violates our Community Guidelines.

Details: